000 00781nam a22002177a 4500
005 20100806104449.0
010 _aENG-98709
020 _c795.00
_a9788180481482
035 _aEN-82241
037 _bDBAD/PUB
082 _a954.12
100 _aMehta, V. P.
_97826
245 _aRock garden :
_cby V. P. Mehta [and] Nek Chand Saini
_ba vision of creativity memoirs of nek chand /
260 _aChandigarh
_bArun Pub. House
_c2010
270 _aSCO 49-51, Sector-17C,
_bChandigarh
_e160017
300 _a95 p. :
_c20 cm. (Pbk)
_bill.
500 _aIncludes index
700 _97380
_aSaini, Nek Chand
942 _2ddc
_cEN
_h954.12
_mMEH
999 _c39810
_d39810